<?xml version="1.0" encoding="UTF-8"?>
<record
    xmlns:xsi="http://www.w3.org/2001/XMLSchema-instance"
    xsi:schemaLocation="http://www.loc.gov/MARC21/slim http://www.loc.gov/standards/marcxml/schema/MARC21slim.xsd"
    xmlns="http://www.loc.gov/MARC21/slim">

  <leader>01149nam a2200241 i 4500</leader>
  <controlfield tag="001">189900</controlfield>
  <controlfield tag="003">SpMaBN</controlfield>
  <controlfield tag="005">20250808083646.0</controlfield>
  <controlfield tag="008">191223s1978    sp           |||| | spa d</controlfield>
  <datafield tag="080" ind1=" " ind2=" ">
    <subfield code="a">34(460.11)"11/12"</subfield>
  </datafield>
  <datafield tag="080" ind1=" " ind2=" ">
    <subfield code="a">348(460.11)"11/12"</subfield>
  </datafield>
  <datafield tag="100" ind1="1" ind2=" ">
    <subfield code="a">Gonz&#xE1;lez L&#xF3;pez, Emilio.</subfield>
    <subfield code="9">58763</subfield>
  </datafield>
  <datafield tag="245" ind1="1" ind2="0">
    <subfield code="a">Canonistas del noroeste de Espa&#xF1;a profesores de Bolonia </subfield>
    <subfield code="b">: su influencia en el desarrollo del derecho can&#xF3;nico en Europa y en la formaci&#xF3;n de las universidades espa&#xF1;olas : discurso le&#xED;do el d&#xED;a 4 de noviembre de 1978, en la solemne sesi&#xF3;n de ingreso del acad&#xE9;mico de n&#xFA;mero Don Emilio Gonz&#xE1;lez L&#xF3;pez y contestaci&#xF3;n del Excmo. Se&#xF1;or P&#xED;o Cabanillas Gallas.</subfield>
  </datafield>
  <datafield tag="260" ind1=" " ind2=" ">
    <subfield code="a">La Coru&#xF1;a : </subfield>
    <subfield code="b">Academia Gallega de Jurisprudencia y Legislaci&#xF3;n,</subfield>
    <subfield code="c">1978.</subfield>
  </datafield>
  <datafield tag="300" ind1=" " ind2=" ">
    <subfield code="a">91 p. ; </subfield>
    <subfield code="c">27 cm.</subfield>
  </datafield>
  <datafield tag="504" ind1=" " ind2=" ">
    <subfield code="a">Bibliograf&#xED;a: p. 77-80.</subfield>
  </datafield>
  <datafield tag="650" ind1=" " ind2="7">
    <subfield code="a">Abogados-</subfield>
    <subfield code="z">Galicia.</subfield>
    <subfield code="9">167271</subfield>
  </datafield>
  <datafield tag="650" ind1=" " ind2="7">
    <subfield code="a">Derecho can&#xF3;nico-</subfield>
    <subfield code="z">Galicia</subfield>
    <subfield code="2"></subfield>
    <subfield code="9">169226</subfield>
  </datafield>
  <datafield tag="700" ind1="1" ind2=" ">
    <subfield code="a">Cabanillas Gallas, P&#xED;o,</subfield>
    <subfield code="d">1923-1991</subfield>
    <subfield code="9">33147</subfield>
  </datafield>
  <datafield tag="710" ind1="2" ind2=" ">
    <subfield code="a">Academia Gallega de Jurisprudencia y Legislaci&#xF3;n.</subfield>
    <subfield code="9">1197</subfield>
  </datafield>
  <datafield tag="852" ind1=" " ind2=" ">
    <subfield code="a">ES-MaACL</subfield>
    <subfield code="j">L-32484</subfield>
  </datafield>
  <datafield tag="999" ind1=" " ind2=" ">
    <subfield code="c">189900</subfield>
    <subfield code="d">189900</subfield>
  </datafield>
  <datafield tag="952" ind1=" " ind2=" ">
    <subfield code="0">0</subfield>
    <subfield code="1">0</subfield>
    <subfield code="4">0</subfield>
    <subfield code="7">0</subfield>
    <subfield code="a">ATENEOM</subfield>
    <subfield code="b">ATENEOM</subfield>
    <subfield code="c">DEPO2</subfield>
    <subfield code="d">2019-12-23</subfield>
    <subfield code="e">DON</subfield>
    <subfield code="l">0</subfield>
    <subfield code="o">L-32484</subfield>
    <subfield code="p">1201434</subfield>
    <subfield code="r">2023-02-23 00:00:00</subfield>
    <subfield code="w">2023-02-23</subfield>
    <subfield code="y">MONOGRAFIA</subfield>
  </datafield>
</record>
